Discrete mathematics and its applications (Record no. 4413)

000 -LEADER
fixed length control field 00461 a2200169 4500
020 ## - INTERNATIONAL STANDARD BOOK NUMBER
International Standard Book Number 0072899050
040 ## - CATALOGING SOURCE
Original cataloging agency DLC
082 00 - DEWEY DECIMAL CLASSIFICATION NUMBER
Classification number 511
100 1# - MAIN ENTRY--PERSONAL NAME
Personal name Rosen, Kenneth H.
245 10 - TITLE STATEMENT
Title Discrete mathematics and its applications
Statement of responsibility, etc. Kenneth H. Rosen.
250 ## - EDITION STATEMENT
Edition statement 4th ed.
260 ## - PUBLICATION, DISTRIBUTION, ETC.
Place of publication, distribution, etc. Boston :
Name of publisher, distributor, etc. WCB/McGraw-Hill,
Date of publication, distribution, etc. c1999.
300 ## - PHYSICAL DESCRIPTION
Extent xxii, 678 p. :
Other physical details ill. ;
Dimensions 27 cm.
650 #0 - SUBJECT ADDED ENTRY--TOPICAL TERM
Topical term or geographic name entry element Mathematics.
650 #0 - SUBJECT ADDED ENTRY--TOPICAL TERM
Topical term or geographic name entry element Computer science
General subdivision Mathematics.
942 ## - ADDED ENTRY ELEMENTS (KOHA)
Koha item type Book
Call number prefix 511 ROS
Source of classification or shelving scheme
Holdings
Withdrawn status Lost status Damaged status Not for loan Collection code Permanent Location Current Location Shelving location Date acquired Source of acquisition Cost, normal purchase price Total Checkouts Total Renewals Full call number Barcode Checked out Date last seen Date last checked out Price effective from Koha item type
          Central Library (CL) Central Library (CL) General Stacks 03/18/2006 Donation 0.00 22 16 511 ROS SEECS007115 06/03/2026 01/29/2026 12/15/2025 01/05/2017 Book
          Central Library (CL) Central Library (CL) General Stacks 11/25/2002 Allied Book Company 1304.47 18 10 511 ROS SEECS002776 12/25/2025 08/27/2025 08/27/2025 01/05/2017 Book
          Central Library (CL) Central Library (CL) General Stacks 03/18/2006 Donation 0.00 4 2 511 ROS SEECS007114 04/14/2021 03/15/2021 03/15/2021 01/05/2017 Book
          Central Library (CL) Central Library (CL) General Stacks 04/07/2014     2   511 ROS SEECSD00003 10/19/2018 10/04/2018 10/04/2018 01/05/2017 Book
          Central Library (CL) Central Library (CL) General Stacks 04/07/2014     2 1 511 ROS SEECSD00132   10/05/2016 10/05/2016 01/05/2017 Book
© 2023 Central Library, National University of Sciences and Technology. All Rights Reserved.